[Event "Bundesliga 9697"]
[Site "Deutschland"]
[Date "1997.??.??"]
[Round "?.3"]
[White "Christiansen, Larry Mark"]
[Black "Teske, Henrik"]
[Result "1/2-1/2"]
[WhiteElo "2560"]
[BlackElo "2500"]
[PlyCount "81"]
[EventDate "1996.10.??"]
[EventType "team"]
[EventRounds "15"]
[EventCountry "GER"]
[SourceTitle "Bundesliga 9697"]
[Source "DeepChess"]
[SourceDate "2005.01.01"]
[SourceVersion "1"]
[SourceVersionDate "2005.01.01"]
[SourceQuality "1"]
[WhiteTeam "SG Porz e.V."]
[BlackTeam "Dresdner SC 1898"]
[WhiteTeamCountry "GER"]
[BlackTeamCountry "GER"]

1. d4 d5 2. c4 c6 3. Nf3 Nf6 4. Nc3 dxc4 5. a4 Na6 6. e4 Bg4 7. Bxc4 Bxf3 8.
gxf3 e6 9. Be3 Nb4 10. O-O Be7 11. Kh1 O-O 12. Rg1 c5 13. dxc5 Qc8 14. Nb5 Rd8
15. Qb3 Bxc5 16. Rac1 Bxe3 17. Qxe3 Qd7 18. Rxg7+ Kxg7 19. Qg5+ Kf8 20. Qxf6
Rac8 21. Qh6+ Ke7 22. Qh4+ Ke8 23. e5 Qe7 24. Qf4 Nd3 25. Bxd3 Rxc1+ 26. Qxc1
Rxd3 27. Nd6+ Rxd6 28. exd6 Qxd6 29. Qc8+ Qd8 30. Qxb7 Qd1+ 31. Kg2 Qxa4 32.
Kg3 Qd4 33. f4 Qd3+ 34. Kh4 Qd4 35. Kg3 Qd3+ 36. f3 Qd4 37. Qb8+ Ke7 38. Kg2
Qc5 39. Qb3 Qd4 40. Qb8 Qc5 41. Qb3 1/2-1/2

[Event "Bundesliga 9697"]
[Site "Deutschland"]
[Date "1997.??.??"]
[Round "?.4"]
[White "Uhlmann, Wolfgang"]
[Black "Vaganian, Rafael A"]
[Result "1/2-1/2"]
[WhiteElo "2480"]
[BlackElo "2585"]
[PlyCount "89"]
[EventDate "1996.10.??"]
[EventType "team"]
[EventRounds "15"]
[EventCountry "GER"]
[SourceTitle "Bundesliga 9697"]
[Source "DeepChess"]
[SourceDate "2005.01.01"]
[SourceVersion "1"]
[SourceVersionDate "2005.01.01"]
[SourceQuality "1"]
[WhiteTeam "Dresdner SC 1898"]
[BlackTeam "SG Porz e.V."]
[WhiteTeamCountry "GER"]
[BlackTeamCountry "GER"]

1. c4 e6 2. Nc3 d5 3. d4 Be7 4. Nf3 Nf6 5. Bg5 h6 6. Bh4 O-O 7. Rc1 c6 8. e3
Ne4 9. Bxe7 Qxe7 10. Bd3 Nxc3 11. Rxc3 Nd7 12. O-O dxc4 13. Rxc4 e5 14. dxe5
Nxe5 15. Re4 Nxf3+ 16. Qxf3 Be6 17. Bc4 Rad8 18. h3 Rd2 19. b4 Qd6 20. a4 Bxc4
21. Rxc4 Rd8 22. b5 cxb5 23. axb5 Qb6 24. Rb1 a5 25. Rf4 Qc7 26. b6 Qc2 27. Ra1
Rd1+ 28. Rxd1 Qxd1+ 29. Qxd1 Rxd1+ 30. Kh2 Kf8 31. Rf5 Rb1 32. Rxa5 Rxb6 33. g4
Ke7 34. Kg3 Kd6 35. h4 Rb1 36. Kf3 Kc6 37. Ra8 b5 38. Ra7 b4 39. Rxf7 Rh1 40.
Rf8 Rxh4 41. Rb8 Kc5 42. e4 Rh1 43. e5 Re1 44. Kf4 Re2 45. f3 1/2-1/2

[Event "Bundesliga 9697"]
[Site "Deutschland"]
[Date "1997.??.??"]
[Round "?.5"]
[White "Stangl, Markus"]
[Black "Maiwald, Jens Uwe"]
[Result "1-0"]
[WhiteElo "2540"]
[BlackElo "2495"]
[PlyCount "77"]
[EventDate "1996.10.??"]
[EventType "team"]
[EventRounds "15"]
[EventCountry "GER"]
[SourceTitle "Bundesliga 9697"]
[Source "DeepChess"]
[SourceDate "2005.01.01"]
[SourceVersion "1"]
[SourceVersionDate "2005.01.01"]
[SourceQuality "1"]
[WhiteTeam "SG Porz e.V."]
[BlackTeam "Dresdner SC 1898"]
[WhiteTeamCountry "GER"]
[BlackTeamCountry "GER"]

1. Nf3 g6 2. d4 Bg7 3. c4 c5 4. e4 cxd4 5. Nxd4 Nc6 6. Be3 Nf6 7. Nc3 d6 8. Be2
O-O 9. O-O Bd7 10. Qd2 a6 11. Rfd1 Qb8 12. Rac1 Rc8 13. Nd5 Nxd5 14. exd5 Ne5
15. h3 Be8 16. b3 Rc7 17. Bg5 Qd8 18. Qe3 Bf6 19. Bxf6 exf6 20. Qg3 Kh8 21. Rc3
f5 22. c5 Qf6 23. f4 Nd7 24. c6 Nc5 25. Bf3 bxc6 26. dxc6 Rac8 27. Bd5 Re7 28.
Re3 Rcc7 29. Rxe7 Rxe7 30. Qc3 Kg7 31. Kh2 Rc7 32. Qa5 Rc8 33. b4 Ne4 34. Qxa6
Qd8 35. Qd3 Nf6 36. Qc3 Kh6 37. Bf3 d5 38. Qc5 Qc7 39. Qf8# 1-0

[Event "Bundesliga 9697"]
[Site "Deutschland"]
[Date "1997.??.??"]
[Round "?.6"]
[White "Borriss, Martin"]
[Black "Van Wely, Loek"]
[Result "0-1"]
[WhiteElo "2440"]
[BlackElo "2645"]
[PlyCount "74"]
[EventDate "1996.10.??"]
[EventType "team"]
[EventRounds "15"]
[EventCountry "GER"]
[SourceTitle "Bundesliga 9697"]
[Source "DeepChess"]
[SourceDate "2005.01.01"]
[SourceVersion "1"]
[SourceVersionDate "2005.01.01"]
[SourceQuality "1"]
[WhiteTeam "Dresdner SC 1898"]
[BlackTeam "SG Porz e.V."]
[WhiteTeamCountry "GER"]
[BlackTeamCountry "GER"]

1. e4 c5 2. Nf3 d6 3. d4 cxd4 4. Nxd4 Nf6 5. Nc3 a6 6. Be3 e6 7. Be2 Be7 8. g4
b5 9. g5 Nfd7 10. f4 Bb7 11. Bf3 b4 12. Nce2 Nc5 13. Ng3 Nbd7 14. h4 g6 15. h5
Rg8 16. hxg6 hxg6 17. Nb3 e5 18. Nxc5 Nxc5 19. fxe5 dxe5 20. Qe2 Ne6 21. Bg4
Nf4 22. Qf2 Qa5 23. O-O-O Qxa2 24. Bd7+ Kf8 25. Qh2 Ne6 26. Qh6+ Ng7 27. Rhf1
Rd8 28. Rd3 Bc8 29. Qh3 Bxd7 30. Rxd7 Ne6 31. Rxd8+ Bxd8 32. b3 Qa1+ 33. Kd2
Qc3+ 34. Kd1 Nf4 35. Bxf4 exf4 36. Rxf4 Bxg5 37. Rf2 Qe3 $138 0-1

[Event "Bundesliga 9697"]
[Site "Deutschland"]
[Date "1997.??.??"]
[Round "?.7"]
[White "Vogt, Lothar"]
[Black "Goldberg, Alexander"]
[Result "1-0"]
[WhiteElo "2515"]
[BlackElo "2390"]
[PlyCount "85"]
[EventDate "1996.10.??"]
[EventType "team"]
[EventRounds "15"]
[EventCountry "GER"]
[SourceTitle "Bundesliga 9697"]
[Source "DeepChess"]
[SourceDate "2005.01.01"]
[SourceVersion "1"]
[SourceVersionDate "2005.01.01"]
[SourceQuality "1"]
[WhiteTeam "SG Porz e.V."]
[BlackTeam "Dresdner SC 1898"]
[WhiteTeamCountry "GER"]
[BlackTeamCountry "GER"]

1. e4 e5 2. Nf3 Nc6 3. Bb5 a6 4. Ba4 Nf6 5. O-O Be7 6. Bxc6 bxc6 7. Nxe5 Nxe4
8. Re1 Nc5 9. d4 Ne6 10. c4 O-O 11. Nc3 c5 12. d5 Nd4 13. Be3 Bf6 14. Ng4 Rb8
15. Nxf6+ Qxf6 16. Ne4 Qg6 17. Bxd4 cxd4 18. Qxd4 d6 19. b3 f5 20. Nc3 f4 21.
f3 Bh3 22. Re2 Rbe8 23. Ne4 Re5 24. Kh1 Bc8 25. Rae1 Rh5 26. Nd2 Qh6 27. Nf1 g5
28. Re8 g4 29. Qe4 gxf3 30. Qxf3 Bd7 31. Rxf8+ Kxf8 32. Re4 Rf5 33. h3 Qf6 34.
Kh2 c6 35. Nd2 cxd5 36. cxd5 Bc8 37. Rb4 Qf7 38. Qc3 Bd7 39. Qc7 Rxd5 40. Nf3
Kg7 41. Rb7 Rb5 42. Ra7 Be6 43. Qc3+ 1-0

[Event "Bundesliga 9697"]
[Site "Deutschland"]
[Date "1997.??.??"]
[Round "?.8"]
[White "Heinatz, Thomas"]
[Black "Van der Wiel, John TH"]
[Result "1/2-1/2"]
[WhiteElo "2380"]
[BlackElo "2555"]
[PlyCount "54"]
[EventDate "1996.10.??"]
[EventType "team"]
[EventRounds "15"]
[EventCountry "GER"]
[SourceTitle "Bundesliga 9697"]
[Source "DeepChess"]
[SourceDate "2005.01.01"]
[SourceVersion "1"]
[SourceVersionDate "2005.01.01"]
[SourceQuality "1"]
[WhiteTeam "Dresdner SC 1898"]
[BlackTeam "SG Porz e.V."]
[WhiteTeamCountry "GER"]
[BlackTeamCountry "GER"]

1. e4 c5 2. Nf3 d6 3. d4 cxd4 4. Nxd4 Nf6 5. Nc3 Nc6 6. Bc4 Qb6 7. Nb3 e6 8.
O-O a6 9. Bg5 Bd7 10. Kh1 Be7 11. f4 Qc7 12. Qe1 h6 13. Bh4 g5 14. Bg3 Nh5 15.
f5 Nxg3+ 16. Qxg3 O-O-O 17. f6 Bf8 18. a4 h5 19. Be2 Ne5 20. Nd4 Qc5 21. Nb3
Qb6 22. a5 Qa7 23. Na4 Bxa4 24. Rxa4 g4 25. Nd4 Rd7 26. Qb3 Qc5 27. c3 Bh6
1/2-1/2

[Event "Bundesliga 9697"]
[Site "Deutschland"]
[Date "1996.??.??"]
[Round "?.3"]
[White "Lanka, Zigurds"]
[Black "Smejkal, Jan"]
[Result "1-0"]
[WhiteElo "2545"]
[BlackElo "2500"]
[PlyCount "99"]
[EventDate "1996.10.??"]
[EventType "team"]
[EventRounds "15"]
[EventCountry "GER"]
[SourceTitle "Bundesliga 9697"]
[Source "DeepChess"]
[SourceDate "2005.01.01"]
[SourceVersion "1"]
[SourceVersionDate "2005.01.01"]
[SourceQuality "1"]
[WhiteTeam "Dresdner SC 1898"]
[BlackTeam "SK Passau 1869"]
[WhiteTeamCountry "GER"]
[BlackTeamCountry "GER"]

1. e4 e5 2. Nf3 Nc6 3. Bb5 a6 4. Ba4 Nf6 5. O-O Be7 6. Re1 b5 7. Bb3 d6 8. c3
O-O 9. h3 Na5 10. Bc2 c5 11. d4 Qc7 12. Nbd2 cxd4 13. cxd4 Nc6 14. Nb3 a5 15.
Be3 a4 16. Nbd2 Be6 17. a3 Rfc8 18. Bd3 Bd7 19. Qe2 Qb8 20. Reb1 Na5 21. d5 Bd8
22. Kh1 Bb6 23. Bg5 Bd8 24. b4 axb3 25. Nxb3 Nc4 26. a4 Rxa4 27. Rxa4 bxa4 28.
Nbd2 Nb2 29. Nc4 a3 30. Nxa3 Qb3 31. Ba6 Ra8 32. Qxb2 Qxb2 33. Rxb2 Rxa6 34.
Rb8 Kf8 35. Rxd8+ Ke7 36. Rg8 Rxa3 37. Rxg7 h6 38. Bh4 Ra4 39. Nd2 Rd4 40. Rg3
Rxd2 41. Rf3 Bb5 42. Rxf6 Bd3 43. Kg1 Kf8 44. f3 Kg7 45. Rxd6 f5 46. exf5 e4
47. f6+ Kg6 48. Rd7 exf3 49. Rg7+ Kh5 50. Be1 1-0

[Event "Bundesliga 9697"]
[Site "Deutschland"]
[Date "1996.??.??"]
[Round "?.4"]
[White "Schmidt, Peter"]
[Black "Uhlmann, Wolfgang"]
[Result "1/2-1/2"]
[WhiteElo "2410"]
[BlackElo "2460"]
[PlyCount "45"]
[EventDate "1996.10.??"]
[EventType "team"]
[EventRounds "15"]
[EventCountry "GER"]
[SourceTitle "Bundesliga 9697"]
[Source "DeepChess"]
[SourceDate "2005.01.01"]
[SourceVersion "1"]
[SourceVersionDate "2005.01.01"]
[SourceQuality "1"]
[WhiteTeam "SK Passau 1869"]
[BlackTeam "Dresdner SC 1898"]
[WhiteTeamCountry "GER"]
[BlackTeamCountry "GER"]

1. e4 e6 2. d4 d5 3. Nd2 c5 4. exd5 exd5 5. Ngf3 Nc6 6. Bb5 Bd6 7. dxc5 Bxc5 8.
O-O Nge7 9. Nb3 Bd6 10. Re1 O-O 11. Bg5 Re8 12. c3 Bg4 13. Be2 h6 14. Bxe7 Rxe7
15. Nfd4 Nxd4 16. Nxd4 Bxe2 17. Rxe2 Qb6 18. Rxe7 Bxe7 19. Qb3 Bc5 20. Qxb6
Bxb6 21. Rd1 Rd8 22. Nc2 a5 23. Kf1 1/2-1/2

[Event "Bundesliga 9697"]
[Site "Deutschland"]
[Date "1996.??.??"]
[Round "?.6"]
[White "Gross, David2"]
[Black "Borriss, Martin"]
[Result "0-1"]
[WhiteElo "2335"]
[BlackElo "2425"]
[PlyCount "94"]
[EventDate "1996.10.??"]
[EventType "team"]
[EventRounds "15"]
[EventCountry "GER"]
[SourceTitle "Bundesliga 9697"]
[Source "DeepChess"]
[SourceDate "2005.01.01"]
[SourceVersion "1"]
[SourceVersionDate "2005.01.01"]
[SourceQuality "1"]
[WhiteTeam "SK Passau 1869"]
[BlackTeam "Dresdner SC 1898"]
[WhiteTeamCountry "GER"]
[BlackTeamCountry "GER"]

1. e4 c5 2. Nc3 Nc6 3. Nge2 d6 4. d4 cxd4 5. Nxd4 Nf6 6. Bg5 e6 7. Qd2 a6 8.
O-O-O h6 9. Be3 Be7 10. f4 Nxd4 11. Bxd4 b5 12. Qe3 Qc7 13. e5 dxe5 14. Bxe5
Ng4 15. Qf3 Nxe5 16. Qxa8 Nd7 17. Qf3 Bb7 18. Qg3 b4 19. Ne2 O-O 20. f5 e5 21.
Qd3 Rc8 22. Ng3 Nf6 23. Be2 Bxg2 24. Rhg1 Bd5 25. Kb1 e4 26. Qd2 Rd8 27. Qc1
Bc5 28. Rgf1 Qa5 29. b3 Bd6 30. Nh5 Be5 31. Nf4 Rc8 32. c4 bxc3 33. Qc2 Bxf4
34. Rxf4 Qc7 35. Rff1 a5 36. Rd4 Qe5 37. Ra4 e3 38. Bd3 Bc6 39. Rc4 Nd5 40. a3
Bd7 41. Rxc8+ Bxc8 42. Qg2 Nf4 43. Qe4 Nxd3 44. Qxd3 e2 45. Qd8+ Kh7 46. Re1
Bxf5+ 47. Ka2 Qe3 0-1

[Event "Bundesliga 9697"]
[Site "Deutschland"]
[Date "1996.??.??"]
[Round "?.7"]
[White "Goldberg, Alexander"]
[Black "Baumhus, Reinhard"]
[Result "1-0"]
[WhiteElo "2390"]
[BlackElo "2355"]
[PlyCount "121"]
[EventDate "1996.10.??"]
[EventType "team"]
[EventRounds "15"]
[EventCountry "GER"]
[SourceTitle "Bundesliga 9697"]
[Source "DeepChess"]
[SourceDate "2005.01.01"]
[SourceVersion "1"]
[SourceVersionDate "2005.01.01"]
[SourceQuality "1"]
[WhiteTeam "Dresdner SC 1898"]
[BlackTeam "SK Passau 1869"]
[WhiteTeamCountry "GER"]
[BlackTeamCountry "GER"]

1. e4 c6 2. d4 d5 3. e5 Bf5 4. Nf3 e6 5. Be2 Ne7 6. O-O c5 7. dxc5 Nec6 8. Be3
Nd7 9. Bb5 Bg4 10. h3 Bxf3 11. Qxf3 Ndxe5 12. Qg3 Ng6 13. Rd1 Qa5 14. c4 Be7
15. Nc3 dxc4 16. Bxc4 O-O 17. Nb5 Rad8 18. Nd6 Qb4 19. b3 Bh4 20. Qh2 Bf6 21.
a3 Qa5 22. b4 Qc7 23. Rab1 Be5 24. f4 Bxd6 25. cxd6 Rxd6 26. Rxd6 Qxd6 27. Bc5
Qd2 28. Bxf8 Kxf8 29. f5 Nf4 30. Bf1 Nd4 31. fxe6 fxe6 32. Kh1 Qe3 33. Qg1 Qe4
34. Rd1 e5 35. Qf2 b6 36. Bd3 Qd5 37. Be2 Kg8 38. Bf3 Qb3 39. Rc1 h5 40. Rc8+
Kh7 41. Be4+ Kh6 42. Qh4 Ng6 43. Bxg6 Kxg6 44. Qe4+ Kf6 45. Rf8+ Ke7 46. Ra8
Kf6 47. Rxa7 Nf5 48. Qc6+ Kg5 49. Qc1+ Kg6 50. Rb7 e4 51. Rxb6+ Kh7 52. Qg5 Qf7
53. Rb5 g6 54. Re5 Qc7 55. Rxf5 gxf5 56. Qxf5+ Kh6 57. Qxe4 Qc1+ 58. Kh2 Qxa3
59. Qf4+ Kh7 60. Qc7+ Kh6 61. b5 1-0

[Event "Bundesliga 9697"]
[Site "Deutschland"]
[Date "1996.??.??"]
[Round "?.8"]
[White "Schlingensiepen, Christian"]
[Black "Heinatz, Thomas"]
[Result "1-0"]
[WhiteElo "2290"]
[BlackElo "2380"]
[PlyCount "79"]
[EventDate "1996.10.??"]
[EventType "team"]
[EventRounds "15"]
[EventCountry "GER"]
[SourceTitle "Bundesliga 9697"]
[Source "DeepChess"]
[SourceDate "2005.01.01"]
[SourceVersion "1"]
[SourceVersionDate "2005.01.01"]
[SourceQuality "1"]
[WhiteTeam "SK Passau 1869"]
[BlackTeam "Dresdner SC 1898"]
[WhiteTeamCountry "GER"]
[BlackTeamCountry "GER"]

1. e4 g6 2. d4 Bg7 3. Nc3 c6 4. Be2 d5 5. e5 f6 6. f4 Nh6 7. Nf3 Bg4 8. Be3 Nd7
9. O-O O-O 10. h3 Bxf3 11. Bxf3 Nf5 12. Bf2 fxe5 13. dxe5 e6 14. Ne2 Rf7 15. c4
Nf8 16. Nd4 Nxd4 17. Qxd4 g5 18. g3 gxf4 19. gxf4 Bh6 20. Bg3 dxc4 21. Qxc4
Qb6+ 22. Kh1 Rd8 23. Rad1 Rxd1 24. Rxd1 Qxb2 25. Bg4 b5 26. Qxc6 Qxa2 27. f5
exf5 28. Bf3 Qb3 29. Rg1 Rd7 30. Bh4+ Bg7 31. Bf6 Qe3 32. Bd5+ Kh8 33. Rxg7
Qxh3+ 34. Kg1 Qe3+ 35. Kf1 Qd3+ 36. Ke1 Qe3+ 37. Kd1 Qd3+ 38. Kc1 Qa3+ 39. Kc2
Qa4+ 40. Bb3 1-0

[Event "Bundesliga 9697"]
[Site "Deutschland"]
[Date "1997.??.??"]
[Round "?.1"]
[White "Van der Sterren, Paul"]
[Black "Maiwald, Jens Uwe"]
[Result "1/2-1/2"]
[WhiteElo "2515"]
[BlackElo "2495"]
[PlyCount "91"]
[EventDate "1996.10.??"]
[EventType "team"]
[EventRounds "15"]
[EventCountry "GER"]
[SourceTitle "Bundesliga 9697"]
[Source "DeepChess"]
[SourceDate "2005.01.01"]
[SourceVersion "1"]
[SourceVersionDate "2005.01.01"]
[SourceQuality "1"]
[WhiteTeam "SV Castrop Rauxel 1923"]
[BlackTeam "Dresdner SC 1898"]
[WhiteTeamCountry "GER"]
[BlackTeamCountry "GER"]

1. d4 Nf6 2. c4 c5 3. d5 e6 4. Nc3 exd5 5. cxd5 d6 6. Nf3 g6 7. Nd2 Nbd7 8. e4
Bg7 9. Be2 O-O 10. O-O Re8 11. a4 Ne5 12. Ra3 g5 13. Qc2 Qe7 14. Re1 a6 15. a5
Rb8 16. Nf1 h6 17. Ng3 Ng6 18. Na4 Nh4 19. Bd2 Bd7 20. Nb6 Bb5 21. Bc3 Rbd8 22.
Rb3 Bxe2 23. Rxe2 Ng4 24. Bxg7 Kxg7 25. Nc4 Rd7 26. e5 Nxe5 27. Rxe5 dxe5 28.
Rb6 Rxd5 29. Ne3 Red8 30. Nh5+ Kf8 31. Qh7 Rd1+ 32. Nf1 Qd7 33. Qxh6+ Ke7 34.
Qf6+ Kf8 35. Qg7+ Ke7 36. Qxg5+ Kf8 37. Qh6+ Ke7 38. Qf6+ Kf8 39. Qg7+ Ke7 40.
Qxe5+ Kf8 41. Qg7+ Ke7 42. Nhg3 Nf5 43. Qe5+ Kf8 44. Qh8+ Ke7 45. Qe5+ Kf8 46.
Qh8+ 1/2-1/2

[Event "Bundesliga 9697"]
[Site "Deutschland"]
[Date "1997.??.??"]
[Round "?.2"]
[White "Borriss, Martin"]
[Black "Watson, William N"]
[Result "0-1"]
[WhiteElo "2440"]
[BlackElo "2535"]
[PlyCount "137"]
[EventDate "1996.10.??"]
[EventType "team"]
[EventRounds "15"]
[EventCountry "GER"]
[SourceTitle "Bundesliga 9697"]
[Source "DeepChess"]
[SourceDate "2005.01.01"]
[SourceVersion "1"]
[SourceVersionDate "2005.01.01"]
[SourceQuality "1"]
[WhiteTeam "Dresdner SC 1898"]
[BlackTeam "SV Castrop Rauxel 1923"]
[WhiteTeamCountry "GER"]
[BlackTeamCountry "GER"]

1. e4 c5 2. Nf3 d6 3. d4 cxd4 4. Nxd4 Nf6 5. Nc3 g6 6. Be3 Bg7 7. f3 O-O 8. Qd2
Nc6 9. g4 Be6 10. O-O-O Nxd4 11. Bxd4 Qa5 12. a3 Rab8 13. h4 b5 14. Nd5 Qxd2+
15. Rxd2 Bxd5 16. exd5 a5 17. c3 Rfc8 18. b4 axb4 19. axb4 e5 20. dxe6 fxe6 21.
Kb2 e5 22. Bf2 e4 23. Bg2 Nxg4 24. fxg4 Bxc3+ 25. Kc1 Ra8 26. Re2 Ra1+ 27. Kc2
Ra2+ 28. Kd1 Ra1+ 29. Kc2 Bd4+ 30. Kd2 Ra2+ 31. Kd1 Ra1+ 32. Kd2 Ra2+ 33. Kd1
Rxe2 34. Kxe2 Rc2+ 35. Kd1 Rxf2 36. Bxe4 Bc3 37. h5 Rd2+ 38. Kc1 Rd4 39. Bc6
Rxg4 40. Bxb5 Bxb4 41. hxg6 hxg6 42. Kc2 Rg3 43. Rb1 Bc5 44. Rb3 Rg2+ 45. Kd3
Kg7 46. Ke4 Rd2 47. Rd3 Rb2 48. Bc6 Rb4+ 49. Kf3 Bd4 50. Ra3 Be5 51. Ra4 Rb3+
52. Ke4 Kf6 53. Bd5 Rh3 54. Bc6 g5 55. Bd7 Rc3 56. Bg4 Rg3 57. Kd5 Rxg4 58.
Rxg4 Kf5 59. Rg1 g4 60. Rf1+ Bf4 61. Kd4 g3 62. Kd3 Kg4 63. Rg1 Be5 64. Ke3 d5
65. Rd1 g2 66. Ke2 Bh2 67. Rd4+ Kh3 68. Rd3+ Bg3 69. Rd1 0-1

[Event "Bundesliga 9697"]
[Site "Deutschland"]
[Date "1997.??.??"]
[Round "?.3"]
[White "Appel, Ralf"]
[Black "Goldberg, Alexander"]
[Result "1/2-1/2"]
[WhiteElo "2495"]
[BlackElo "2390"]
[PlyCount "89"]
[EventDate "1996.10.??"]
[EventType "team"]
[EventRounds "15"]
[EventCountry "GER"]
[SourceTitle "Bundesliga 9697"]
[Source "DeepChess"]
[SourceDate "2005.01.01"]
[SourceVersion "1"]
[SourceVersionDate "2005.01.01"]
[SourceQuality "1"]
[WhiteTeam "SV Castrop Rauxel 1923"]
[BlackTeam "Dresdner SC 1898"]
[WhiteTeamCountry "GER"]
[BlackTeamCountry "GER"]

1. Nf3 Nf6 2. g3 d5 3. Bg2 c6 4. O-O Bg4 5. d3 e6 6. Nbd2 Be7 7. h3 Bxf3 8.
Bxf3 Nbd7 9. e4 dxe4 10. dxe4 O-O 11. Qe2 Qc7 12. Bg2 e5 13. Nf3 Nc5 14. Nh4 g6
15. b3 Ne6 16. Nf3 c5 17. c3 c4 18. Qxc4 Qxc4 19. bxc4 Bd6 20. Bh6 Rfd8 21.
Rfb1 Nxe4 22. Rxb7 N6c5 23. Ng5 Nxb7 24. Bxe4 Rd7 25. Rb1 Rb8 26. Bc6 Re7 27.
Ne4 Na5 28. Rxb8+ Bxb8 29. Bd5 Rc7 30. c5 Nb7 31. c6 Nd8 32. Nf6+ Kh8 33. Nd7
Nxc6 34. Bxc6 Rxc6 35. Nxb8 Rxc3 36. Bf8 Kg8 37. Bd6 f6 38. Nd7 Kf7 39. Bb4
Rc1+ 40. Kg2 Ra1 41. a3 a5 42. Bxa5 Rxa3 43. Bd8 Rd3 44. Bxf6 Rxd7 45. Bxe5
1/2-1/2

[Event "Bundesliga 9697"]
[Site "Deutschland"]
[Date "1997.??.??"]
[Round "?.4"]
[White "Heinatz, Thomas"]
[Black "Libeau, Rene"]
[Result "1/2-1/2"]
[WhiteElo "2380"]
[BlackElo "2450"]
[PlyCount "60"]
[EventDate "1996.10.??"]
[EventType "team"]
[EventRounds "15"]
[EventCountry "GER"]
[SourceTitle "Bundesliga 9697"]
[Source "DeepChess"]
[SourceDate "2005.01.01"]
[SourceVersion "1"]
[SourceVersionDate "2005.01.01"]
[SourceQuality "1"]
[WhiteTeam "Dresdner SC 1898"]
[BlackTeam "SV Castrop Rauxel 1923"]
[WhiteTeamCountry "GER"]
[BlackTeamCountry "GER"]

1. e4 e6 2. d4 d5 3. Nc3 Bb4 4. e5 c5 5. a3 Bxc3+ 6. bxc3 Ne7 7. a4 Qa5 8. Bd2
Nbc6 9. Qg4 O-O 10. Bd3 c4 11. Be2 f6 12. f4 Qb6 13. Bc1 Qa5 14. Bd2 b5 15. Nf3
bxa4 16. O-O a3 17. Ra2 Rb8 18. Rfa1 Rb2 19. Rxa3 Qb6 20. Bd1 fxe5 21. fxe5 Bd7
22. h3 Nf5 23. Kh2 Rb1 24. Bc1 h6 25. Be2 Rxc1 26. Rxc1 Qb2 27. Rca1 Qxc2 28.
R1a2 Qc1 29. Ra1 Qc2 30. R1a2 Qc1 1/2-1/2

[Event "Bundesliga 9697"]
[Site "Deutschland"]
[Date "1997.??.??"]
[Round "?.5"]
[White "Dinstuhl, Volkmar"]
[Black "Prochnow, Mario"]
[Result "1-0"]
[WhiteElo "2405"]
[BlackElo "2250"]
[PlyCount "77"]
[EventDate "1996.10.??"]
[EventType "team"]
[EventRounds "15"]
[EventCountry "GER"]
[SourceTitle "Bundesliga 9697"]
[Source "DeepChess"]
[SourceDate "2005.01.01"]
[SourceVersion "1"]
[SourceVersionDate "2005.01.01"]
[SourceQuality "1"]
[WhiteTeam "SV Castrop Rauxel 1923"]
[BlackTeam "Dresdner SC 1898"]
[WhiteTeamCountry "GER"]
[BlackTeamCountry "GER"]

1. c4 Nf6 2. Nc3 g6 3. d4 Bg7 4. e4 d6 5. f3 O-O 6. Nge2 a6 7. Bg5 c6 8. Qd2 b5
9. O-O-O Qa5 10. Bh6 Bxh6 11. Qxh6 Nbd7 12. Qg5 e5 13. Ng3 Ne8 14. Nf5 f6 15.
Qg3 b4 16. Nb1 Qxa2 17. Ne7+ Kg7 18. Rd2 exd4 19. Nxc6 Ne5 20. Nxb4 Qb3 21. Nc2
d3 22. Ne3 Be6 23. f4 Nxc4 24. Nxc4 Bxc4 25. Bxd3 d5 26. Nc3 d4 27. Bc2 Qb6 28.
Qf2 Rb8 29. Na4 Qc6 30. Qxd4 Rf7 31. Nc5 Bb5 32. f5 Rc8 33. Ne6+ Kh8 34. Nd8
Rxd8 35. Qxd8 Rc7 36. Kb1 Rc8 37. Qe7 Kg8 38. Bb3+ Bc4 39. Rc1 1-0

[Event "Bundesliga 9697"]
[Site "Deutschland"]
[Date "1997.??.??"]
[Round "?.6"]
[White "Wichmann, Cliff"]
[Black "Hennig, Dirk"]
[Result "0-1"]
[WhiteElo "2225"]
[BlackElo "2445"]
[PlyCount "186"]
[EventDate "1996.10.??"]
[EventType "team"]
[EventRounds "15"]
[EventCountry "GER"]
[SourceTitle "Bundesliga 9697"]
[Source "DeepChess"]
[SourceDate "2005.01.01"]
[SourceVersion "1"]
[SourceVersionDate "2005.01.01"]
[SourceQuality "1"]
[WhiteTeam "Dresdner SC 1898"]
[BlackTeam "SV Castrop Rauxel 1923"]
[WhiteTeamCountry "GER"]
[BlackTeamCountry "GER"]

1. d4 g6 2. g3 Bg7 3. Bg2 c5 4. c3 Qb6 5. dxc5 Qxc5 6. Nf3 Nf6 7. O-O O-O 8.
Be3 Qc7 9. Na3 a6 10. Qb3 Nc6 11. Bb6 Qb8 12. Nd4 Re8 13. Nac2 e5 14. Nxc6 dxc6
15. Qa4 Be6 16. Rfd1 Bf8 17. Ne3 Nd7 18. Ba5 Bc5 19. Ng4 Be7 20. Ne3 Bg5 21.
Nf1 Rc8 22. Nd2 Be7 23. c4 b6 24. Bb4 b5 25. Qa5 Bxb4 26. Qxb4 bxc4 27. Qc3 Nb6
28. Qa5 Kg7 29. Rac1 Ra7 30. Ne4 Nd5 31. Qa3 Qb4 32. Nd6 Qxa3 33. bxa3 Rb8 34.
Nxc4 Ne7 35. Nxe5 Rb2 36. Nxc6 Nxc6 37. Rxc6 Rxa2 38. Bf1 Rxa3 39. Rcc1 a5 40.
Ra1 Rxa1 41. Rxa1 Kf6 42. f4 Bd5 43. Kf2 Ke6 44. Ke3 f5 45. Kd4 Kd6 46. e3 a4
47. Ra3 Bb3 48. Bc4 Rb7 49. Bxb3 axb3 50. Ra6+ Kc7 51. Ra1 Kc6 52. Rb1 b2 53.
Kc4 h5 54. Kd4 Kd6 55. Kc4 Ke6 56. Kd4 h4 57. gxh4 Rb3 58. Kc4 Rxe3 59. Rxb2
Re4+ 60. Kd3 Rxf4 61. h5 gxh5 62. Ke3 Rh4 63. Kf3 Kf6 64. Kg3 Rg4+ 65. Kf3 Kg5
66. Rb8 Rf4+ 67. Kg3 h4+ 68. Kh3 Rf3+ 69. Kg2 Ra3 70. Rh8 Kg4 71. h3+ Kg5 72.
Rg8+ Kf4 73. Rb8 Rg3+ 74. Kh2 Re3 75. Rb4+ Re4 76. Rb3 Re2+ 77. Kg1 Re3 78. Rb5
Rxh3 79. Rb4+ Kg5 80. Kf2 Ra3 81. Rb1 Kg4 82. Rg1+ Kf4 83. Rb1 Ra2+ 84. Kg1 Kg4
85. Rb8 f4 86. Rb7 Kg3 87. Rg7+ Kf3 88. Rh7 Ra1+ 89. Kh2 Ke3 90. Re7+ Kf2 91.
Re4 f3 92. Rxh4 Ke3 93. Rh8 f2 0-1

[Event "Bundesliga 9697"]
[Site "Deutschland"]
[Date "1997.??.??"]
[Round "?.7"]
[White "Sehner, Norbert"]
[Black "Roos, Michael"]
[Result "1/2-1/2"]
[WhiteElo "2390"]
[BlackElo "2107"]
[PlyCount "40"]
[EventDate "1996.10.??"]
[EventType "team"]
[EventRounds "15"]
[EventCountry "GER"]
[SourceTitle "Bundesliga 9697"]
[Source "DeepChess"]
[SourceDate "2005.01.01"]
[SourceVersion "1"]
[SourceVersionDate "2005.01.01"]
[SourceQuality "1"]
[WhiteTeam "SV Castrop Rauxel 1923"]
[BlackTeam "Dresdner SC 1898"]
[WhiteTeamCountry "GER"]
[BlackTeamCountry "GER"]

1. c4 g6 2. g3 Bg7 3. Bg2 d6 4. Nc3 e5 5. e3 Nc6 6. d3 f5 7. Nge2 Nf6 8. O-O
O-O 9. Nd5 Ne7 10. Qd2 Nh5 11. f4 c6 12. Nxe7+ Qxe7 13. Rb1 Nf6 14. Nc3 Be6 15.
b3 exf4 16. exf4 d5 17. cxd5 Nxd5 18. Nxd5 Bxd5 19. Bxd5+ cxd5 20. Bb2 Bxb2
1/2-1/2